Oxford handbook of geriatric medicine (Record no. 33313)

MARC details
000 -LEADER
fixed length control field 00467nam a2200181Ia 4500
020 ## - INTERNATIONAL STANDARD BOOK NUMBER
ISBN 9780198738381
050 ## - CALL MARK
Classification number RC 952.55 .B69/
100 ## - STATEMENT OF RESPONSIBILITY--MAIN AUTHOR NAME
Personal name Bowker k. Lesley
245 #0 - TITLE STATEMENT
Title Oxford handbook of geriatric medicine
250 ## - EDITION / VOLUME STATEMENT
Edition / Volume statement 3rd ed.
260 ## - PUBLICATION, DISTRIBUTION, ETC. (IMPRINT)
Place of publication Oxford
260 ## - PUBLICATION, DISTRIBUTION, ETC. (IMPRINT)
Name of publisher Oxford University Press
300 ## - PHYSICAL DESCRIPTION
Number of Pages 734 p
650 ## - SUBJECT ADDED ENTRY--TOPICAL TERM
Topical Term Geriatrics--Handbooks, manuals, etc
942 ## - ADDED ENTRY ELEMENTS (KOHA)
Koha item type Books
Holdings
Withdrawn status Lost status Source of classification or shelving scheme Damaged status Not for loan Permanent Location Current Location Shelving location Date acquired Accession Number Price effective from Koha item type
    Library of Congress Classification     College of Health Sciences Library College of Health Sciences Library Items on shelf 04/23/2025 0193557 04/23/2025 Books